Statistiques concernant Les villes les plus peuplées d'Aisne

Cliquez ici pour prendre le quiz!

Statistiques générales

  • Ce quiz a été pris 60 fois
  • Le résultat moyen est 10 sur 20

Statistiques - réponses

PopulationVille% Correct
26 241Laon
98%
59 049Saint-Quentin
94%
29 439Soissons
92%
14 966Château-Thierry
72%
12 512Chauny
68%
10 327Hirson
64%
15 096Tergnier
64%
2 653Vervins
64%
9 834Villers-Cotterêts
56%
5 896Guise
46%
2 817La Fère
42%
5 604Gauchy
40%
4 032Belleu
24%
6 593Bohain-en-Vermandois
24%
3 355Fère-en-Tardenois
24%
2 981Beautor
22%
2 728Charly
18%
3 272Fresnoy-le-Grand
16%
3 653Saint-Michel
12%
2 920Le Nouvion-en-Thiérache
10%

Distribution des résultats

Percentile par nombre de réponses

% des personnes avec chaque résultat

Votre développement - résultats

Vous n’avez pas pris ce quiz